000 00394nam a2200157 a 4500
005 20140310183348.0
008 070503s19uu xx 00 eng d
020 _a0553213652
050 _aBL 1138.62
_b.B575 1986
245 _aThe Bhagavad-Gita /
260 _aNew York :
_bBantam Books,
_c1986.
300 _a168 p. :
_c18 cm.
650 _aClassics.
942 _cBK
_2lcc
999 _c22006
_d22006